000 00847nam a22002651 4500
001 17762
003 BD-RjUL
005 20211209000205.0
008 140217s1964 enkac b 001 0 eng
035 _a(BD-RjUL)17820
035 _a(OCoLC)492518
040 _aDLC
_cODaWU
_dOCoLC
_dUk
_dDLC
_dBD-RjUL
_beng
041 _aeng
082 _a796.4209
_bQUW 1964
100 1 _aQuercetani, Roberto,
_d1922-
_954786
245 1 2 _aA world history of track and field athletics, 1864-1964 /
_cR.L. Quercetani.
260 _aLondon ;
_aNew York :
_bOxford University Press,
_cc1964.
300 _axxi, 370 p. :
_bill., ports. ;
_c23 cm.
504 _aBibliography: p. [352] and index.
650 0 _aTrack and field
_xHistory.
_954787
740 0 _aTrack and field athletics, 1864-1964.
942 _2ddc
_cBK
999 _c17762
_d17762